[Event "Online Olym Div2 B 2021"]
[Site "chess.com INT"]
[Date "2021.09.04"]
[Round "8.1"]
[Board "6"]
[White "Blokhin, Sofia"]
[Black "Zhuang, Yongzhe"]
[Result "0-1"]
[WhiteElo "2022"]
[BlackElo "1645"]
[WhiteTeam "Estonia"]
[BlackTeam "Switzerland"]
[WhiteFideId "4508190"]
[BlackFideId "1339893"]
[EventDate "2021.09.02"]
[EventType "team"]

1. e4 e5 2. Nf3 Nf6 3. Nxe5 d6 4. Nf3 Nxe4 5. Nc3 Nxc3 6. dxc3 Be7 7. Be3 Nd7 8.
Qd2 Nf6 9. Bd3 O-O 10. O-O-O Be6 11. Kb1 c5 12. Ng5 Qd7 13. Nxe6 fxe6 14. h3 b5
15. f3 c4 16. Be2 d5 17. g4 b4 18. cxb4 Qa4 19. c3 a5 20. a3 axb4 21. cxb4 Qb3
22. Kc1 Rxa3 23. bxa3 Qxa3+ 24. Kb1 Rb8 25. Rc1 Rxb4+ 26. Qxb4 Qxb4+ 27. Kc2
Qb3+ 28. Kd2 Bb4+ 0-1

[Event "Online Olym Div2 B 2021"]
[Site "chess.com INT"]
[Date "2021.09.04"]
[Round "8.2"]
[Board "1"]
[White "Ahmed, Ali Layth Ahmed"]
[Black "Moroni, Luca Jr"]
[Result "0-1"]
[WhiteTitle "FM"]
[BlackTitle "GM"]
[WhiteElo "2253"]
[BlackElo "2566"]
[WhiteTeam "Iraq"]
[BlackTeam "Italy"]
[WhiteFideId "4801920"]
[BlackFideId "865834"]
[EventDate "2021.09.02"]
[EventType "team"]

1. d4 g6 2. c4 Bg7 3. Nf3 d6 4. Nc3 Nc6 5. e4 Bg4 6. Be3 e5 7. d5 Nd4 8. Be2
Bxf3 9. Bxf3 c5 10. dxc6 bxc6 11. O-O Ne7 12. b4 O-O 13. b5 Qa5 14. Rc1 Rfc8 15.
Qa4 Qxa4 16. Nxa4 Rab8 17. Bxd4 exd4 18. Be2 d5 19. exd5 cxb5 20. cxb5 Nxd5 21.
g3 Nb4 22. Bc4 Bh6 23. f4 Rd8 24. a3 Nd5 25. Bd3 Bf8 26. Nc5 Rbc8 27. Ne4 Bxa3
28. Rxc8 Rxc8 29. Ra1 Rc1+ 30. Rxc1 Bxc1 31. Kf2 Ba3 32. Bc4 Ne3 33. Bb3 Be7 34.
Ke2 Kg7 35. Kd3 f5 36. Kxd4 Nf1 37. Nf2 Nxh2 38. Kd5 Bd8 39. Bc4 Bb6 40. Nd3 Nf1
41. Ne5 Nxg3 42. Ke6 Nh5 43. Nd3 Be3 44. Kd7 Nxf4 45. Nxf4 Bxf4 46. Ke6 Kh6 47.
Bd3 Kg5 48. Kd5 h5 49. Kd4 h4 50. Bf1 Kg4 51. Kd5 h3 52. Ke6 Kg3 53. Kf6 g5 0-1

[Event "Online Olym Div2 B 2021"]
[Site "chess.com INT"]
[Date "2021.09.04"]
[Round "8.2"]
[Board "2"]
[White "Lodici, Lorenzo"]
[Black "Ismael, Namir Mohammed Ismael"]
[Result "1-0"]
[WhiteTitle "IM"]
[BlackTitle "CM"]
[WhiteElo "2507"]
[BlackElo "2122"]
[WhiteTeam "Italy"]
[BlackTeam "Iraq"]
[WhiteFideId "884189"]
[BlackFideId "4800800"]
[EventDate "2021.09.02"]
[EventType "team"]

1. d4 d5 2. c4 Bf5 3. cxd5 Bxb1 4. Qa4+ c6 5. dxc6 Nxc6 6. Rxb1 e5 7. Bd2 exd4
8. g3 Qd5 9. Nf3 Nf6 10. Bg2 Bc5 11. O-O O-O 12. b4 Bb6 13. b5 Ne5 14. Nxe5 Qxe5
15. Bxb7 Rad8 16. Qc4 Ne4 17. Bxe4 Qxe4 18. Qd3 Qe6 19. a4 Rfe8 20. a5 Bc7 21.
Rfe1 h5 22. h4 Rd5 23. Rbc1 Bb8 24. Kg2 Qd7 25. Rc6 a6 26. Rxa6 Rxb5 27. Rc1
Qb7+ 28. Rac6 Rb3 29. Qxd4 Ba7 30. Qc4 Rb2 31. a6 Qa8 32. Qc3 Rb6 33. e4 Rxc6
34. Qxc6 Qd8 35. Bg5 f6 36. Bf4 Qe7 37. Qd5+ Qf7 38. Qxf7+ Kxf7 39. Rc7+ Re7 40.
Rxe7+ Kxe7 41. Be3 1-0

[Event "Online Olym Div2 B 2021"]
[Site "chess.com INT"]
[Date "2021.09.04"]
[Round "8.2"]
[Board "3"]
[White "A-Ali, Sali Abbas Abdulzahra"]
[Black "Sedina, Elena"]
[Result "0-1"]
[WhiteTitle "WFM"]
[BlackTitle "IM"]
[WhiteElo "1919"]
[BlackElo "2259"]
[WhiteTeam "Iraq"]
[BlackTeam "Italy"]
[WhiteFideId "4804929"]
[BlackFideId "812153"]
[EventDate "2021.09.02"]
[EventType "team"]

1. e4 e6 2. d4 d5 3. exd5 exd5 4. Bd3 Nc6 5. Nf3 Bd6 6. c3 Bg4 7. O-O Nge7 8.
Bg5 Qd7 9. Nbd2 f6 10. Bh4 O-O-O 11. Bg3 h5 12. Bxd6 Qxd6 13. b4 h4 14. b5 Na5
15. Nb3 Nc4 16. Bxc4 dxc4 17. Nbd2 Qd5 18. a4 h3 19. g3 Ng6 20. Re1 Rde8 21. Re3
Rxe3 22. fxe3 Re8 23. Kf2 Bf5 24. Qf1 Be6 25. e4 Qd6 26. Ne1 f5 27. exf5 Rf8 28.
Kg1 Rxf5 29. Qe2 Qd5 30. Nc2 Rf6 31. Ne3 Qg5 32. Ne4 Nf4 33. Qf1 Qh6 34. Nxf6
Nd3 35. Qf3 gxf6 36. Rf1 Kb8 37. d5 Bc8 38. Nxc4 Nc5 39. Qxf6 Qh5 40. Qf2 b6 41.
Ne3 Nd3 42. Qf3 Qe5 43. c4 Qd4 44. Kh1 Ne5 45. Qf4 Qc3 46. Nd1 Qa1 47. Ne3 Qc3
48. Nf5 Nxc4 49. Rc1 Qb2 0-1

[Event "Online Olym Div2 B 2021"]
[Site "chess.com INT"]
[Date "2021.09.04"]
[Round "8.2"]
[Board "4"]
[White "Movileanu, Daniela"]
[Black "Al-Fayyadh, Zainab Asif Abdulah"]
[Result "1-0"]
[WhiteTitle "WIM"]
[WhiteElo "2239"]
[BlackElo "1658"]
[WhiteTeam "Italy"]
[BlackTeam "Iraq"]
[WhiteFideId "873349"]
[BlackFideId "4806476"]
[EventDate "2021.09.02"]
[EventType "team"]

1. e4 e5 2. Nf3 Nc6 3. Bb5 a6 4. Ba4 Nf6 5. Bxc6 dxc6 6. d3 Bg4 7. h3 Bxf3 8.
Qxf3 Bd6 9. Bg5 Be7 10. Nd2 h6 11. Be3 O-O 12. O-O-O c5 13. g4 Nh7 14. Qg3 b5
15. h4 c6 16. Nf3 Qa5 17. Kb1 c4 18. Bd2 Qb6 19. g5 h5 20. Nxe5 Bd6 21. f4 Bxe5
22. fxe5 cxd3 23. cxd3 c5 24. Be3 Qc6 25. Qf3 g6 26. Rc1 c4 27. d4 b4 28. d5 Qb5
29. Qe2 Rfc8 30. Bd4 Nf8 31. Rhf1 Rc7 32. Rf3 Re7 33. Qf1 Nd7 34. d6 Re6 35.
Rxf7 Nxe5 36. Rf6 Rae8 37. Bxe5 Qxe5 38. Qxc4 Kg7 39. d7 Rxf6 40. gxf6+ Kxf6 41.
Rf1+ Ke7 42. Qf7+ 1-0

[Event "Online Olym Div2 B 2021"]
[Site "chess.com INT"]
[Date "2021.09.04"]
[Round "8.2"]
[Board "5"]
[White "Rabeea, Sabah Nori"]
[Black "Di Benedetto, Edoardo"]
[Result "0-1"]
[WhiteTitle "FM"]
[BlackTitle "IM"]
[WhiteElo "2022"]
[BlackElo "2412"]
[WhiteTeam "Iraq"]
[BlackTeam "Italy"]
[WhiteFideId "4806212"]
[BlackFideId "875740"]
[EventDate "2021.09.02"]
[EventType "team"]

1. d4 d5 2. c4 e6 3. Nf3 Nf6 4. e3 Be7 5. Nbd2 O-O 6. Bd3 b6 7. e4 dxe4 8. Nxe4
Bb7 9. Qe2 Nbd7 10. O-O c5 11. dxc5 Nxe4 12. Bxe4 Bxe4 13. Qxe4 Nxc5 14. Qe2 Bf6
15. Be3 Qd3 16. Rae1 Rfd8 17. Bxc5 bxc5 18. Qxd3 Rxd3 19. b3 a5 20. Rd1 Rad8 21.
Rxd3 Rxd3 22. Rc1 Bb2 23. Rb1 Rc3 24. Kf1 Bc1 25. Ke2 f6 26. Kd1 Bh6 27. Ne1 Kf7
28. Rb2 e5 29. Rc2 Rxc2 30. Kxc2 Ke6 31. Kd3 f5 32. f3 g5 33. Nc2 g4 34. fxg4
e4+ 35. Ke2 fxg4 36. Na3 Bf4 37. g3 Be5 38. Ke3 Kf5 39. Nc2 Bb2 40. a3 Ke5 41.
b4 cxb4 42. axb4 a4 43. b5 a3 44. Nb4 Bd4+ 45. Ke2 Bc5 46. Nc6+ Kd6 47. Na5 a2
48. Nb3 Bd4 49. b6 Bxb6 50. Kd2 Bd4 51. Kc2 a1=Q 52. Nxa1 Bxa1 53. Kd2 Bd4 0-1

[Event "Online Olym Div2 B 2021"]
[Site "chess.com INT"]
[Date "2021.09.04"]
[Round "8.2"]
[Board "6"]
[White "Sala, Giulia"]
[Black "Al-Fayyadh, Yamama Asif Abdula"]
[Result "1-0"]
[WhiteTitle "WFM"]
[BlackTitle "WCM"]
[WhiteElo "2064"]
[BlackElo "1659"]
[WhiteTeam "Italy"]
[BlackTeam "Iraq"]
[WhiteFideId "2840451"]
[BlackFideId "4806700"]
[EventDate "2021.09.02"]
[EventType "team"]

1. e4 e5 2. Nf3 Nc6 3. Bc4 Bc5 4. O-O Nf6 5. d3 d6 6. c3 Be6 7. Nbd2 Qd7 8. a4
a5 9. Bb3 O-O 10. Re1 Ng4 11. Re2 h6 12. h3 Nf6 13. Nf1 Bxh3 14. gxh3 Qxh3 15.
Rd2 Nh5 16. N3h2 Nf4 17. Qg4 Qxg4+ 18. Nxg4 Nh3+ 19. Kh2 Nf4 20. Ng3 Kh7 21. Rd1
Ne7 22. d4 exd4 23. cxd4 Bb6 24. Bxf4 Ng6 25. Be3 Rae8 26. Rac1 c6 27. d5 Bxe3
28. Nxe3 c5 29. Nc4 Rd8 30. Nxa5 Rd7 31. Nf5 Re8 32. Nc4 Rxe4 33. Ncxd6 Re2 34.
Rc2 Nf4 35. Rxe2 Nxe2 36. Re1 Nf4 37. Re7 Rxe7 38. Nxe7 1-0

[Event "Online Olym Div2 B 2021"]
[Site "chess.com INT"]
[Date "2021.09.04"]
[Round "8.3"]
[Board "1"]
[White "Meshkovs, Nikita"]
[Black "Lim, Zhuo Ren"]
[Result "1-0"]
[WhiteTitle "GM"]
[BlackTitle "FM"]
[WhiteElo "2550"]
[BlackElo "2311"]
[WhiteTeam "Latvia"]
[BlackTeam "Malaysia"]
[WhiteFideId "11602740"]
[BlackFideId "5702488"]
[EventDate "2021.09.02"]
[EventType "team"]

1. d4 Nf6 2. Nf3 e6 3. g3 b5 4. Bg2 Bb7 5. O-O c5 6. c3 Na6 7. Bg5 Be7 8. Nbd2
O-O 9. Re1 cxd4 10. cxd4 Rc8 11. Qb3 Qb6 12. e4 h6 13. Bxf6 Bxf6 14. e5 Bd5 15.
Qe3 Be7 16. a3 Rc2 17. b4 Rfc8 18. Ne4 Bxe4 19. Qxe4 Qc6 20. Bf1 Qxe4 21. Rxe4
Nc7 22. Ne1 Rc3 23. Nd3 f5 24. Ree1 Rc4 25. Nf4 Rc6 26. d5 exd5 27. Red1 d6 28.
Nxd5 Nxd5 29. Rxd5 dxe5 30. Bxb5 Rc1+ 31. Rxc1 Rxc1+ 32. Kg2 Rc3 33. Rxe5 Bf6
34. Rxf5 Rxa3 35. Bc4+ Kf8 36. b5 Rc3 37. Bf1 Ke7 38. h4 Ke6 39. Rf4 Kd5 40. Be2
Ra3 41. Bf3+ Kd6 42. Rc4 Rc3 43. Ra4 Rc7 44. Bc6 Kc5 45. f4 Bd4 46. Kf3 Re7 47.
Kg4 Bf2 48. Ra2 Be1 49. Kf3 Bc3 50. h5 a5 51. bxa6 Kb6 52. Be4 Bd4 53. g4 Ka7
54. Ra4 Bb6 55. g5 hxg5 56. fxg5 Rf7+ 57. Kg4 Bc7 58. Bb7 Bd6 59. Rd4 Be5 60.
Re4 Bd6 61. Bd5 Re7 62. Rxe7+ Bxe7 63. Bc4 Kb6 64. Kf5 Bc5 65. Kg6 Bd4 66. h6
gxh6 67. gxh6 Kc7 68. h7 Kb6 69. Kf7 1-0

[Event "Online Olym Div2 B 2021"]
[Site "chess.com INT"]
[Date "2021.09.04"]
[Round "8.3"]
[Board "2"]
[White "Poh, Yu Tian"]
[Black "Kantans, Toms"]
[Result "1/2-1/2"]
[BlackTitle "GM"]
[WhiteElo "2081"]
[BlackElo "2481"]
[WhiteTeam "Malaysia"]
[BlackTeam "Latvia"]
[WhiteFideId "5734088"]
[BlackFideId "11602945"]
[EventDate "2021.09.02"]
[EventType "team"]

1. e4 c5 2. Nf3 Nf6 3. Nc3 Nc6 4. d4 d5 5. exd5 Nxd5 6. Nxd5 Qxd5 7. Be3 cxd4 8.
Nxd4 a6 9. Qf3 Qxf3 10. Nxf3 Nb4 11. Kd2 Bf5 12. Nd4 Rd8 13. Bd3 Bxd3 14. cxd3
e5 15. Nc2 Rxd3+ 16. Ke2 Nxc2 17. Kxd3 Nxa1 18. Rxa1 Kd7 19. f4 Bd6 20. fxe5
Bxe5 21. Bd4 Re8 22. Bxe5 Rxe5 23. Rf1 f5 24. g3 Kd6 25. Rf2 g6 26. Rc2 Re1 27.
Rf2 a5 28. Rc2 b5 29. Rf2 Kd5 30. Rc2 h5 31. Rc8 Rh1 32. Rd8+ Kc5 33. Rc8+ Kb4
34. Rc2 a4 35. Ke3 Ra1 36. a3+ Kb3 37. Rc5 b4 38. Rb5 Kxb2 39. Rxb4+ Kxa3 40.
Rb6 Ra2 41. h4 Rb2 42. Rxg6 Rb4 43. Rg5 Kb3 44. Rxh5 a3 45. Rxf5 a2 46. Rf1 Kb2
47. h5 Rc4 48. Kf3 Rc1 49. Rf2+ Rc2 50. Rf1 Rc1 51. Rf2+ Rc2 52. Rf1 Rc1 1/2-1/2

[Event "Online Olym Div2 B 2021"]
[Site "chess.com INT"]
[Date "2021.09.04"]
[Round "8.3"]
[Board "3"]
[White "Rogule, Laura"]
[Black "Azhar, Puteri Munajjah Az-Zahraa"]
[Result "1-0"]
[WhiteTitle "WGM"]
[BlackTitle "WIM"]
[WhiteElo "2286"]
[BlackElo "2052"]
[WhiteTeam "Latvia"]
[BlackTeam "Malaysia"]
[WhiteFideId "11601876"]
[BlackFideId "5709040"]
[EventDate "2021.09.02"]
[EventType "team"]

1. d4 Nf6 2. c4 e6 3. g3 Bb4+ 4. Bd2 Qe7 5. Bg2 d5 6. Nc3 c6 7. Nf3 O-O 8. O-O
Bxc3 9. Bxc3 Ne4 10. Be1 f5 11. Ne5 Nd7 12. Nd3 b6 13. Bb4 c5 14. dxc5 bxc5 15.
Ba3 Bb7 16. cxd5 exd5 17. Rc1 Rac8 18. Qa4 a6 19. Rfd1 g5 20. Qa5 Qf6 21. Nxc5
Ndxc5 22. Bxc5 Rfe8 23. Ba3 Rxc1 24. Rxc1 Qd4 25. Rf1 Rc8 26. e3 Qd3 27. Qb6 Qb5
28. Qe6+ Kg7 29. Qxf5 h6 30. b3 Qd3 31. Bb2+ Kg8 32. Qg6+ Kf8 33. Qg7+ Ke8 34.
Qxb7 Rc2 35. Bxe4 Qxe4 36. Bf6 Rxa2 37. Rc1 1-0

[Event "Online Olym Div2 B 2021"]
[Site "chess.com INT"]
[Date "2021.09.04"]
[Round "8.3"]
[Board "4"]
[White "Azhar, Puteri Rifqah Fahada"]
[Black "Vidruska, Renate"]
[Result "1/2-1/2"]
[WhiteTitle "WFM"]
[BlackTitle "WFM"]
[WhiteElo "1939"]
[BlackElo "2000"]
[WhiteTeam "Malaysia"]
[BlackTeam "Latvia"]
[WhiteFideId "5702879"]
[BlackFideId "11601841"]
[EventDate "2021.09.02"]
[EventType "team"]

1. d4 Nf6 2. Nf3 e6 3. Bf4 c5 4. e3 Nc6 5. c3 d5 6. Bd3 Bd6 7. Bg3 O-O 8. Nbd2
b6 9. O-O Bb7 10. Qe2 Ne7 11. dxc5 Bxc5 12. e4 dxe4 13. Nxe4 Nxe4 14. Bxe4 Bxe4
15. Qxe4 Qd5 16. Qxd5 Nxd5 17. Rad1 Rfd8 18. Rd2 b5 19. Rfd1 Bb6 20. Kf1 Rac8
21. Be5 a6 22. Bd4 Bxd4 23. Rxd4 Kf8 24. a4 Ke7 25. axb5 axb5 26. Ke2 Ra8 27. g3 1/2-1/2

[Event "Online Olym Div2 B 2021"]
[Site "chess.com INT"]
[Date "2021.09.04"]
[Round "8.3"]
[Board "5"]
[White "Golubovskis, Maksims"]
[Black "Chan, Kim Yew"]
[Result "0-1"]
[WhiteTitle "FM"]
[BlackTitle "FM"]
[WhiteElo "2210"]
[BlackElo "2303"]
[WhiteTeam "Latvia"]
[BlackTeam "Malaysia"]
[WhiteFideId "11608528"]
[BlackFideId "5717981"]
[EventDate "2021.09.02"]
[EventType "team"]

1. e4 c5 2. Nf3 Nc6 3. d4 cxd4 4. Nxd4 g6 5. Nc3 Bg7 6. Be3 Nf6 7. Bc4 Qa5 8.
O-O O-O 9. Bb3 d6 10. h3 Bd7 11. Qe2 Nxe4 12. Nxc6 Bxc6 13. Nxe4 Bxe4 14. Bxa7
Bxg2 15. Kxg2 Qg5+ 16. Qg4 Qxg4+ 17. hxg4 Rxa7 18. c3 g5 19. f4 gxf4 20. Rxf4 e6
21. Bc2 Ra5 22. Rb4 Re5 23. Kf3 Rb8 24. a4 h5 25. gxh5 Rxh5 26. Rg1 Rh3+ 27. Ke2
Rh2+ 28. Kd1 f5 29. a5 Kf8 30. a6 Ra8 31. Bd3 bxa6 32. Rb7 Be5 33. Rg6 Re8 34.
Bc4 d5 35. Bxa6 Re7 36. Rxe7 Kxe7 37. Bc8 Bf6 38. b4 Rh3 39. b5 Rd3+ 40. Ke2
Rxc3 41. Ba6 Rb3 42. Rg8 f4 43. Rb8 Bd4 0-1

[Event "Online Olym Div2 B 2021"]
[Site "chess.com INT"]
[Date "2021.09.04"]
[Round "8.3"]
[Board "6"]
[White "Chua, Jia-Tien"]
[Black "Golsta, Madara"]
[Result "1/2-1/2"]
[WhiteTitle "WCM"]
[WhiteElo "1822"]
[BlackElo "1967"]
[WhiteTeam "Malaysia"]
[BlackTeam "Latvia"]
[WhiteFideId "5710006"]
[BlackFideId "11607386"]
[EventDate "2021.09.02"]
[EventType "team"]

1. e4 c5 2. Nc3 d6 3. g3 g6 4. Bg2 Bg7 5. Nge2 Nc6 6. d3 e6 7. Be3 Nge7 8. O-O
O-O 9. Qd2 Nd4 10. a3 Rb8 11. Rab1 b5 12. b4 Bd7 13. f4 a5 14. e5 dxe5 15. bxc5
Nef5 16. fxe5 Nxe3 17. Qxe3 Nxc2 18. Qc1 Nxa3 19. Qxa3 b4 20. Qa2 bxc3 21. Rxb8
Qxb8 22. c6 Bxc6 23. Qxa5 Bxg2 24. Kxg2 Qxe5 25. Qxe5 Bxe5 26. d4 Bg7 27. Nxc3
Bxd4 28. Ne4 Kg7 29. Rd1 e5 30. Kf3 h6 31. Rb1 Ra8 32. g4 Ra7 33. Nd6 Rd7 34.
Ne8+ Kf8 35. Nf6 Rd8 36. Rb7 Rd6 37. Ne4 Rb6 38. Rd7 Ke8 39. Rc7 f5 40. gxf5
gxf5 41. Ng3 Rf6 42. Nh5 Rf7 43. Rc6 e4+ 44. Kf4 Bb2 45. Ng3 Kd7 46. Rb6 Bc1+
47. Ke5 e3 48. Rb7+ Ke8 49. Rb8+ Ke7 50. Rb7+ Kf8 51. Rxf7+ Kxf7 52. Kxf5 Kg7
53. Ke4 Kf6 54. Kf3 Ke5 55. Nf1 Kf5 56. h3 h5 57. Nxe3+ Bxe3 58. Kxe3 Kg5 59.
Kf3 Kh4 60. Kg2 Kg5 61. Kg3 h4+ 62. Kg2 Kf4 63. Kf2 Ke4 64. Ke2 Kf4 65. Kf2 Ke4
66. Ke2 Kf4 67. Kf2 1/2-1/2

[Event "Online Olym Div2 B 2021"]
[Site "chess.com INT"]
[Date "2021.09.04"]
[Round "8.4"]
[Board "1"]
[White "Bologan, Victor"]
[Black "Ragger, Markus"]
[Result "1-0"]
[WhiteTitle "GM"]
[BlackTitle "GM"]
[WhiteElo "2574"]
[BlackElo "2665"]
[WhiteTeam "Moldova"]
[BlackTeam "Austria"]
[WhiteFideId "13900048"]
[BlackFideId "1610856"]
[EventDate "2021.09.02"]
[EventType "team"]

1. d4 Nf6 2. c4 g6 3. Nc3 d5 4. cxd5 Nxd5 5. Bd2 Bg7 6. e4 Nxc3 7. Bxc3 O-O 8.
Bc4 c5 9. d5 e6 10. Ne2 Qh4 11. Bxg7 Kxg7 12. Qc2 exd5 13. Bxd5 Nd7 14. O-O Rb8
15. Nc3 Nf6 16. Rad1 b6 17. Rfe1 Re8 18. f3 Be6 19. Bxe6 Rxe6 20. e5 Nh5 21. Re4
Qg5 22. h4 Qe7 23. Nd5 Qb7 24. g4 Rd8 25. Nc3 Rxd1+ 26. Qxd1 Ng3 27. Re3 f5 28.
exf6+ Rxf6 29. Qe1 Qb8 30. Kg2 Nf5 31. gxf5 gxf5 32. Re7+ Kh6 33. Qe3+ f4 34.
Qe5 Qg8+ 35. Qg5+ Qxg5+ 36. hxg5+ Kxg5 37. Ne4+ 1-0

[Event "Online Olym Div2 B 2021"]
[Site "chess.com INT"]
[Date "2021.09.04"]
[Round "8.4"]
[Board "2"]
[White "Froewis, Georg"]
[Black "Iordachescu, Viorel"]
[Result "1/2-1/2"]
[WhiteTitle "IM"]
[BlackTitle "GM"]
[WhiteElo "2453"]
[BlackElo "2587"]
[WhiteTeam "Austria"]
[BlackTeam "Moldova"]
[WhiteFideId "1618423"]
[BlackFideId "13900200"]
[EventDate "2021.09.02"]
[EventType "team"]

1. e4 g6 2. d4 Bg7 3. Nf3 d6 4. Be2 Nf6 5. Nc3 O-O 6. O-O c6 7. a4 Nbd7 8. h3
Qc7 9. Be3 b6 10. Qd2 Bb7 11. Rad1 Rad8 12. Rfe1 Rfe8 13. Bf4 e5 14. dxe5 dxe5
15. Bg5 Nc5 16. Qc1 Rxd1 17. Bxd1 Ne6 18. Be3 c5 19. Bh6 Nd4 20. Bxg7 Kxg7 21.
Nd2 a6 22. Ncb1 b5 23. c3 Ne6 24. Na3 Bc6 25. axb5 axb5 26. Be2 Qb7 27. f3 Rd8
28. Nf1 Nh5 29. Ne3 Nhf4 30. Bf1 h5 31. g3 Nd3 32. Bxd3 Rxd3 33. Rd1 Qd7 34.
Nac2 h4 35. Rxd3 Qxd3 36. Qd1 Qxd1+ 37. Nxd1 hxg3 38. Kg2 f5 39. exf5 gxf5 40.
Kxg3 Kf6 41. Nf2 c4 42. h4 f4+ 43. Kg4 Nc5 44. Nb4 Bb7 45. h5 Na4 46. Nd1 Ba8
47. h6 Nc5 48. h7 Kg7 49. Nf2 Na4 50. Kf5 Nxb2 51. Kxe5 Na4 52. Kd4 Bxf3 53. Nh3
Bb7 54. Nxf4 Kxh7 1/2-1/2

[Event "Online Olym Div2 B 2021"]
[Site "chess.com INT"]
[Date "2021.09.04"]
[Round "8.4"]
[Board "3"]
[White "Gitu, Paula-Alexandra"]
[Black "Theissl Pokorna, Regina"]
[Result "0-1"]
[WhiteTitle "WFM"]
[BlackTitle "WGM"]
[WhiteElo "2113"]
[BlackElo "2296"]
[WhiteTeam "Moldova"]
[BlackTeam "Austria"]
[WhiteFideId "13904620"]
[BlackFideId "14902052"]
[EventDate "2021.09.02"]
[EventType "team"]

1. e4 e5 2. Bc4 Nc6 3. Nc3 Nf6 4. d3 Bc5 5. f4 d6 6. Nf3 Bg4 7. Na4 exf4 8. Nxc5
dxc5 9. Bxf4 Nd4 10. c3 Ne6 11. Be3 Nd7 12. O-O Qe7 13. d4 cxd4 14. cxd4 O-O 15.
Qe1 Rad8 16. d5 Nec5 17. Bg5 Qxe4 18. Qxe4 Nxe4 19. Bxd8 Rxd8 20. h3 Bxf3 21.
Rxf3 Ne5 22. Re3 f5 23. Bb3 Nf7 24. Rf1 g6 25. g4 Nfd6 26. gxf5 gxf5 27. Kh2 Kg7
28. Rf4 Kf6 29. Ref3 Ke5 30. Kg1 Rg8+ 31. Kh2 b6 32. Rh4 Rg7 33. Rh5 a5 34. Rh6
Kd4 35. Bc2 Kxd5 36. Bxe4+ fxe4 37. Rf1 Kd4 38. Re6 Kd3 39. b3 Rg5 40. h4 Rc5
41. Kg3 Rc2 42. a4 e3 43. Rf3 Ne4+ 44. Kf4 Nc5 45. Rexe3+ Kd4 46. Kg3 Rb2 47.
Re7 c6 48. Rxh7 Ne4+ 49. Kf4 Nd2 50. Rg3 Nxb3 51. Rb7 Nc5 52. Rc7 Ne6+ 53. Kf5
Nxc7 54. h5 Rh2 55. Kg6 Nd5 56. h6 Nf4+ 57. Kg7 Nh5+ 0-1

[Event "Online Olym Div2 B 2021"]
[Site "chess.com INT"]
[Date "2021.09.04"]
[Round "8.4"]
[Board "4"]
[White "Froewis, Annika"]
[Black "Verbin, Valentina"]
[Result "0-1"]
[WhiteTitle "WFM"]
[WhiteElo "2077"]
[BlackElo "2039"]
[WhiteTeam "Austria"]
[BlackTeam "Moldova"]
[WhiteFideId "1621432"]
[BlackFideId "13905910"]
[EventDate "2021.09.02"]
[EventType "team"]

1. d4 Nf6 2. Bf4 d5 3. e3 c5 4. c3 Nc6 5. Nd2 e6 6. Ngf3 Bd6 7. Bg3 Qc7 8. dxc5
Bxg3 9. hxg3 e5 10. b4 Bg4 11. Qa4 O-O 12. Bb5 a5 13. Qb3 e4 14. Nd4 Nxd4 15.
cxd4 b6 16. cxb6 Qxb6 17. a4 axb4 18. Qxb4 Rfb8 19. O-O Be2 20. Rfb1 Bd3 21. Rc1
Ng4 22. Qe7 Bxb5 23. axb5 Rxa1 24. Rxa1 Qxb5 25. f3 Qe2 26. fxg4 Qxe3+ 27. Kh2
Qxd2 28. Rf1 Qh6+ 29. Qh4 Qxh4+ 30. gxh4 Rb4 31. Rd1 f6 32. g5 fxg5 33. hxg5 Kf7
34. Kg3 Rb2 35. Rf1+ Kg6 36. Kf4 Rxg2 37. Rc1 Rf2+ 38. Ke5 Rf5+ 39. Ke6 Rxg5 40.
Rc5 h5 41. Rxd5 Rxd5 42. Kxd5 e3 43. Kc6 e2 44. d5 e1=Q 45. d6 Qe6 0-1

[Event "Online Olym Div2 B 2021"]
[Site "chess.com INT"]
[Date "2021.09.04"]
[Round "8.4"]
[Board "5"]
[White "Lashkin, Jegor"]
[Black "Morgunov, Marc"]
[Result "1-0"]
[WhiteTitle "FM"]
[BlackTitle "FM"]
[WhiteElo "2386"]
[BlackElo "2386"]
[WhiteTeam "Moldova"]
[BlackTeam "Austria"]
[WhiteFideId "13907808"]
[BlackFideId "1640305"]
[EventDate "2021.09.02"]
[EventType "team"]

1. d4 Nf6 2. c4 g6 3. Nc3 Bg7 4. e4 d6 5. Be2 O-O 6. Nf3 e5 7. Be3 exd4 8. Nxd4
Re8 9. Qc2 c6 10. Rd1 Na6 11. O-O Ng4 12. Bxg4 Bxg4 13. f3 Bd7 14. Nde2 Qc7 15.
Qd2 Be6 16. b3 Rad8 17. Bd4 f5 18. Bxg7 Qxg7 19. Nd4 Qf7 20. exf5 Bxf5 21. Rfe1
Bc8 22. Rxe8+ Qxe8 23. Qg5 Qf8 24. Ne4 Nc5 25. Nf6+ Kg7 26. Re1 Nd3 27. Nxh7 Re8
28. Ne6+ Bxe6 29. Nxf8 Nxe1 30. Nxg6 Bf7 31. Ne5+ Kf8 32. Nd7# 1-0

[Event "Online Olym Div2 B 2021"]
[Site "chess.com INT"]
[Date "2021.09.04"]
[Round "8.4"]
[Board "6"]
[White "Vicze, Kata"]
[Black "Mihailova, Alina"]
[Result "0-1"]
[WhiteElo "1809"]
[BlackElo "1884"]
[WhiteTeam "Austria"]
[BlackTeam "Moldova"]
[WhiteFideId "786527"]
[BlackFideId "13907018"]
[EventDate "2021.09.02"]
[EventType "team"]

1. e4 c5 2. Nf3 e6 3. d4 cxd4 4. Nxd4 Nf6 5. Nc3 d6 6. g3 Be7 7. Bg2 O-O 8. O-O
a6 9. Be3 Qc7 10. f4 Nc6 11. g4 Nxd4 12. Bxd4 e5 13. g5 Bg4 14. Qd3 exd4 15.
gxf6 Bxf6 16. Nd5 Qd8 17. f5 Be5 18. Rae1 Kh8 19. h3 Bh5 20. Nf4 Qh4 21. Qd2
Rac8 22. Rc1 Bxf4 23. Rxf4 Qf6 24. Qf2 Qe5 25. Rh4 g6 26. Rd1 Bxd1 27. f6 Rxc2
28. Qe1 Bh5 29. Qb1 Rd2 30. Rxh5 gxh5 31. Qc1 Qg5 32. Qf1 Rxg2+ 33. Qxg2 Qxg2+
34. Kxg2 Re8 35. Kf3 Re6 0-1

[Event "Online Olym Div2 B 2021"]
[Site "chess.com INT"]
[Date "2021.09.04"]
[Round "8.5"]
[Board "1"]
[White "Garcia, Jason"]
[Black "Madaminov, Mukhiddin"]
[Result "0-1"]
[BlackTitle "FM"]
[WhiteElo "2028"]
[BlackElo "2260"]
[WhiteTeam "Wales"]
[BlackTeam "Uzbekistan"]
[WhiteFideId "1801775"]
[BlackFideId "14210703"]
[EventDate "2021.09.02"]
[EventType "team"]

1. Nf3 Nf6 2. c4 e6 3. g3 b6 4. Bg2 Bb7 5. O-O Be7 6. b3 O-O 7. Bb2 d5 8. e3
Nbd7 9. Qe2 c5 10. Rd1 Rc8 11. Nc3 Qc7 12. Rac1 Qb8 13. cxd5 Nxd5 14. Nxd5 Bxd5
15. d4 Qb7 16. Ne1 Bxg2 17. Nxg2 cxd4 18. Bxd4 Rfd8 19. Qb2 Bf6 20. Bxf6 Nxf6
21. Rxc8 Rxc8 22. Rc1 Rd8 23. Qc2 h6 24. Nf4 Qf3 25. Ne2 e5 26. Rd1 Rxd1+ 27.
Qxd1 Ne4 28. Qe1 Ng5 29. Qf1 Qc6 30. Qg2 Nf3+ 31. Kh1 e4 32. Qf1 Qc2 33. Nd4
Qxa2 34. Nxf3 exf3 35. Qd1 Qxf2 0-1